| 000 | 01902nam0a2200349 4500 | ||
|---|---|---|---|
| 001 | RU\NLR\bibl\1528102 | ||
| 005 | 20260407231636.0 | ||
| 010 |
_a978-5-98864-032-5 _9500 |
||
| 021 |
_aRU _b2010-39079 _92615 |
||
| 035 | _a(NLR Aleph) 001519441 | ||
| 090 |
_a131027 _c131027 |
||
| 100 | _a20100628d2009 |||y0rusy50 ca | ||
| 101 | 0 | _arus | |
| 102 | _aRU | ||
| 105 | _ay ||||||||| | ||
| 200 | 1 | _aМатериалы региональной научно-практической конференции "Вузовское образование и наука", 2009 | |
| 210 |
_aМагас _cИнгушский государственный университет _aРостов-на-Дону _cЮжный издательский дом _d2009 |
||
| 215 |
_a359, [8] с. _d21 |
||
| 300 | _aВ надзаг.: М-во образования РФ, Федер. агентство по образованию, Ингуш. гос. ун-т | ||
| 300 | _aНа тит. л. и обл.: ИНГГУ - 15 лет | ||
| 320 | _aБиблиогр. в конце докл. | ||
| 601 | 0 | 2 |
_aИнгушский государственный университет _cОрджоникидзевская, станица _jСборники _xНаучные конференции _92588522 _3RU\NLR\auth\661529851 |
| 606 | 1 |
_aВысшее образование _jСъезды, совещания и т.п. _yРоссийская Федерация _91685283 _3RU\NLR\auth\661047250 |
|
| 686 | _aЯ431(2)31 | ||
| 686 | _aЧ484(2Р)я431 | ||
| 710 | 1 | 2 |
_a"Вузовское образование и наука", региональная научно-практическая конференция _eст. Орджоникидзевская _f2009 _9809676 _3RU\NLR\AUTH\8810157142 |
| 801 | 0 |
_aRU _bNLR _c20100628 _gRCR |
|
| 801 | 1 |
_aRU _bNLR _c20100628 |
|
| 942 | _cBOOK | ||
| 980 | _aNB | ||